Flags of countries of the world #3 - Statistics

General Stats
  • This quiz has been taken 38 times
  • The average score is 15 of 18
Answer Stats
Picture Answer % Correct
Lebanon
95%
Nepal
95%
Switzerland
95%
Algeria
89%
Belgium
89%
Bhutan
89%
D.R. Congo
89%
Israel
89%
Pakistan
89%
Turkey
89%
Vatican City
89%
Niger
84%
Papua-New-Guinea
84%
Tunisia
84%
San-Marino
79%
Azerbaïjan
74%
Gabon
68%
Mauritania
63%
No matching quizzes found
Score Distribution
Percent of People with Each Score
Percentile by Number Answered
Your Score History
You have not taken this quiz